MDQL
is popping MORE tags! Check the
thread
!
Quizzes
Events
Quiz Creation
Community
Videos
Private Events
Remove Ads
Sign In
Join for FREE
Feedback
Dark Mode
Quiz Categories
Sports
Geography
Music
Movies
Television
Just For Fun
Miscellaneous
History
Literature
Language
Science
Gaming
Entertainment
Religion
Holiday
For Kids
Quiz Lab
Recent
Popular Today
Quiz Kudos Today
Editor Picks
Curator Picks
Quizzes by...
Day
Popularity
Type
Ratings
Length
Year
Community
Subscriptions
Recent Discussions
Orange Saloon
Badges
Playlists
Quests
Create
Leaderboards
Showdown
Live 5
Trivia Bingo
Activity
Puzzle Library
Sporcle Events
Private Events
Virtual Trivia
Globe League
Become a Host
Pub Owners
SporcleCon
Opinionation
Our Games
Videos
Blog
Mobile Apps
Partnerships
Remove Ads and Go Orange
Feedback
Sports
Athletes
MLB
NBA
NHL
NFL
Soccer
Sports Teams
WWE
NCAA
Football
Premier League
Basketball
Baseball
Hockey
Golf
Tennis
Cricket
Rugby
Auto Racing
Olympics
World Cup
Sports
Athletes
MLB
NBA
NHL
NFL
Soccer
Sports Teams
WWE
NCAA
Football
Premier League
Basketball
Baseball
Hockey
Golf
Tennis
Cricket
Rugby
Auto Racing
Olympics
World Cup
Random Quiz
Search Sporcle
×
Quiz Lab
Quiz Lab
Sports
Basketball
Type in answers that appear in a list
Type in answers that appear in a list
Classic
Best Score? Go Orange.
2014 NBA Playoffs Starting 5 Stats
Can you name the starting 5 players of the 2014 NBA playoff teams?
By
Boondock1993
15m
80 Questions
4,671 Plays
4,671 Plays
4,671 Plays
Comments
Comments
Give Quiz Kudos
Give Quiz Kudos
-
- Ratings
hide this ad
More Info
Replay
Link that replays current quiz
Next Quiz
Link to next quiz in quiz playlist
You Got
0%
They Got
Avg Score
74%
Avg Friend Score
Upgrade to see
Score Distribution
Jump to the score distribution portion of the page
Score
0/80
Timer
15:00
0
Plays Today
Team
Player
% Correct
Miami Heat
LeBron James
97.8%
Miami Heat
Dwyane Wade
97.6%
Miami Heat
Chris Bosh
96.3%
Indiana Pacers
Paul George
96.1%
Indiana Pacers
David West
95.8%
Golden State Warriors
Stephen Curry
94.2%
Oklahoma City Thunder
Kevin Durant
94.2%
Oklahoma City Thunder
Russell Westbrook
93.8%
Washington Wizards
John Wall
93.7%
San Antonio Spurs
Tim Duncan
93.4%
Houston Rockets
James Harden
93.2%
Los Angeles Clippers
Chris Paul
93.1%
San Antonio Spurs
Tony Parker
92.8%
Los Angeles Clippers
Blake Griffin
92.1%
Dallas Mavericks
Dirk Nowitzki
91.8%
Golden State Warriors
Klay Thompson
91.3%
Memphis Grizzlies
Marc Gasol
90.8%
Toronto Raptors
DeMar DeRozan
90.5%
Portland Trail Blazers
Damian Lillard
90.5%
Chicago Bulls
Joakim Noah
90%
Los Angeles Clippers
DeAndre Jordan
89.8%
Miami Heat
Mario Chalmers
88.8%
Toronto Raptors
Kyle Lowry
88.6%
San Antonio Spurs
Danny Green
88.2%
Washington Wizards
Bradley Beal
88.1%
San Antonio Spurs
Kawhi Leonard
88%
Indiana Pacers
Roy Hibbert
87.8%
Brooklyn Nets
Deron Williams
87.7%
Oklahoma City Thunder
Serge Ibaka
87.2%
Charlotte Bobcats
Kemba Walker
86.6%
Houston Rockets
Dwight Howard
85.8%
Portland Trail Blazers
LaMarcus Aldridge
85.8%
Memphis Grizzlies
Mike Conley
84.8%
Atlanta Hawks
Jeff Teague
83.7%
Brooklyn Nets
Joe Johnson
83.5%
Toronto Raptors
Amir Johnson
83.5%
Indiana Pacers
George Hill
83.4%
Memphis Grizzlies
Zach Randolph
83.1%
Chicago Bulls
Jimmy Butler
82.9%
Brooklyn Nets
Paul Pierce
82.9%
Team
Player
% Correct
Brooklyn Nets
Kevin Garnett
80.6%
Portland Trail Blazers
Robin Lopez
79.8%
Memphis Grizzlies
Courtney Lee
79.3%
Golden State Warriors
David Lee
79.1%
Atlanta Hawks
Paul Millsap
78.6%
Washington Wizards
Marcin Gortat
78.5%
Indiana Pacers
Lance Stephenson
75.1%
Oklahoma City Thunder
Kendrick Perkins
75%
Atlanta Hawks
Kyle Korver
74.5%
San Antonio Spurs
Tiago Splitter
74%
Miami Heat
Udonis Haslem
73.9%
Charlotte Bobcats
Al Jefferson
73.7%
Los Angeles Clippers
Matt Barnes
71.5%
Portland Trail Blazers
Nicolas Batum
70%
Chicago Bulls
Carlos Boozer
69.7%
Los Angeles Clippers
J. J. Redick
69.5%
Dallas Mavericks
Monta Ellis
67%
Golden State Warriors
Andre Iguodala
67%
Washington Wizards
Trevor Ariza
64.4%
Portland Trail Blazers
Wesley Matthews
64.2%
Chicago Bulls
Kirk Hinrich
63.9%
Houston Rockets
Chandler Parsons
63.7%
Toronto Raptors
Jonas Valanciunas
62.7%
Houston Rockets
Patrick Beverley
60.8%
Washington Wizards
Nene
56.9%
Houston Rockets
Terrence Jones
53.6%
Charlotte Bobcats
Michael Kidd-Gilchrist
52.6%
Atlanta Hawks
DeMarre Carroll
50.5%
Oklahoma City Thunder
Thabo Sefolosha
49.6%
Toronto Raptors
Terrence Ross
49.2%
Dallas Mavericks
Shawn Marion
46.8%
Charlotte Bobcats
Gerald Henderson
44.4%
Chicago Bulls
Mike Dunleavy
42.3%
Memphis Grizzlies
Tayshaun Prince
39.9%
Dallas Mavericks
Jose Calderon
36.2%
Dallas Mavericks
Samuel Dalembert
32%
Atlanta Hawks
Pero Antic
30.9%
Golden State Warriors
Jermaine O'Neal
30.2%
Brooklyn Nets
Shaun Livingston
30.2%
Charlotte Bobcats
Josh McRoberts
26.2%
Quiz Playlist
Details
Report
Send in Message
Add To Playlist
More Info:
Injured players that will miss the biggest part of the playoffs are not included.
Classic:
Type in answers that appear in a list
Last Updated: Feb 16, 2017
Quiz Scoreboard
CHALLENGE
Sign Up to Join the Scoreboard
Show All
Scores
Hide
Comments
May contain spoilers
Recently Published
Colored Red Africa Blitz
by spor1
Geography
30s
Find the 'City' Movie
by crazypaving
Movies
60s
5x2 Blitz: Bands
by SL_Kpop136
Music
30s
More to Explore
Quiz From the Vault
Featured Blog Post
14 Easter Pick-up Lines to Find Eggs With
hide this ad
You Might Also Like...
Tags
Basketball Quiz
NBA Quiz
NBA Playoffs
Today's Top Quizzes in Sports
Browse Sports
hide this ad
Today's Top Quizzes in Basketball
Browse Basketball
Top Contributed Quizzes in Sports
1
Les entraîneurs de l'OM et du PSG au 21e siècle
2
Les meilleurs buteurs des matchs entre le PSG et l’OM
3
Les joueurs passés par le PSG et l'OM
4
Players with Multiple 50 Home Run Seasons
5
2022 World Cup Stars
6
Criteria MLB: Left Handed Sluggers
7
NBA Logic Puzzle 2.0
8
MLB Players with Two .350 Batting Average Seasons
9
Top 10 NHL Goal Scorers of All Time
10
Les joueurs passés par le LOSC et le RC Lens
Explore More
Trending Topics
Anime
Kpop
Disney
Marvel
Harry Potter
Crossword
NBA
Pokémon
Song
Puzzle
WWE
Country
NFL
Soccer
The Office
hide this ad
More By:
Boondock1993
Quiz
Plays
Rating
Category
Featured
Created
2014 NBA Playoffs Starting 5
4,671
4.15
Sports
Apr 19, 2014
Formula 1: 50 top 10 finishes
919
4.00
Sports
Aug 12, 2017
Formula 1 world champions with fewest victories
597
4.67
Sports
May 23, 2013
2015-16 NBA daily top scorers
421
3.75
Sports
Apr 14, 2016
2015 TdF riders with Grand Tour stage wins
415
4.50
Sports
Jul 11, 2015
Go to Creator's Profile
Score Distribution
Quiz Creator Spotlight
Boondock1993
Follow
Send a Message
Quizzes Created
-
Created Quiz Play Count
-
More By This Creator
Popular Quizzes Today
1
Colored Red Africa Blitz
2
Find the 'City' Movie
3
5x2 Blitz: Bands
4
Find the US States - No Outlines Minefield
5
The Countries of the World
6
Find the US States
7
US States
8
Find the Countries of Europe - No Outlines Minefield
More Sports Quizzes
FIFA World Cup Winners in Order
Published
Trending Quizzes
Colored Red Europe Blitz I
Colored Red Europe Blitz II
Colored Red Africa Blitz II
Colored Red Europe Blitz III
Colored Red Africa Blitz III
Recently Updated
How Do You Spell That?
pecheneg
Godzilla Movies
pecheneg
Grab Bag: 4-10 Letters
pecheneg
2024 March Madness Bracket
pecheneg
Famous TV Couples
Peacemaker
Champions League XIs: Real Madrid
pecheneg
Largest US Cities 1790-2010
pecheneg
Rides in Walt Disney World
pecheneg
Most Oscar Losses (Acting)
pecheneg
Beyoncé Albums
pecheneg
Trending Topics
Marvel
Kpop
Crossword
NBA
Harry Potter
Anime
Disney
The Office
Pokémon
NFL
WWE
Country
Song
Soccer
Puzzle
Your Account Isn't Verified!
In order to create a playlist on Sporcle, you need to verify the email address you used during registration. Go to your
Sporcle Settings
to finish the process.
Report this User
Report this user for behavior that violates our
Community Guidelines
.
Details:
Send Report
Go to the Sporcle.com Mobile Site →
Comments